Countries 5 Borders Away from India with Map - Statistics

General Stats
  • This quiz has been taken 12 times
  • The average score is 18 of 21
Answers on the Map
Answers color-coded by a green-red scale on the quiz's map according to % correct below.
 
Answer Stats
Answer % Correct
Israel
100%
Lebanon
100%
Oman
100%
Qatar
100%
United Arab Emirates
100%
Yemen
100%
Serbia
91%
Austria
82%
Belgium
82%
Croatia
82%
Denmark
82%
France
82%
Luxembourg
82%
Netherlands
82%
Papua New Guinea
82%
Switzerland
82%
Albania
73%
North Macedonia
73%
Slovenia
73%
Timor-Leste
73%
Palestine
45%
No matching quizzes found
Score Distribution
Percent of People with Each Score
Percentile by Number Answered
Your Score History
You have not taken this quiz